00457nam a2200133Ia 4500008004100000082002100041100002100062245006100083260002900144300000900173942001200182999001900194952011000213210430s9999 xx 000 0 und d a355.0217 S1871 E aSamuel Glasstone 4aThe Effects of Nuclear Weapons Part -1cSamuel Glasstone aIslamabadbJ.Dolanc1964 a216p cBK2ddc c563340d563340 001040708NFICaSCMEbSCMEcGENd0006-06-11l0o355.0217 S1871 EpSCME-2253r2021-04-30w2021-04-30yBK